Dictionnaire philosophique de la religion... / (Record no. 160751)

MARC details
000 -LEADER
campo de control de longitud fija 00818nam a22002175i 4500
001 - NÚMERO DE CONTROL
campo de control 160751
003 - IDENTIFICADOR DE NÚMERO DE CONTROL
campo de control ES-MaACL
005 - FECHA Y HORA DE LA ÚLTIMA TRANSACCIÓN
campo de control 20250728103617.0
008 - DATOS DE LONGITUD FIJA--INFORMACIÓN GENERAL
campo de control de longitud fija 960606s1772 fr |||| | fre d
040 ## - FUENTE DE CATALOGACIÓN
Centro catalogador/agencia de origen CAM
Lengua de catalogación spa
Centro/agencia transcriptor CAM
100 1# - ENTRADA PRINCIPAL--NOMBRE DE PERSONA
Nombre de persona Nonnotte, Claude-François.
9 (RLIN) 130520
245 10 - MENCIÓN DEL TÍTULO
Título Dictionnaire philosophique de la religion... /
Mención de responsabilidad, etc. par l'auteur des erreurs de Voltaire...; tome second.
260 ## - PUBLICACIÓN, DISTRIBUCIÓN, ETC.
Lugar de publicación, distribución, etc. [S.l. :
Nombre del editor, distribuidor, etc. s.n.],
Fecha de publicación, distribución, etc. 1772.
300 ## - DESCRIPCIÓN FÍSICA
Extensión [4], 408 p. ;
Dimensiones 12º.
594 #1 - Nota al título y mención de responsabilidad
Nota al título y mención de responsabilidad El autor consta en Brunet, VI, 1853, con Avignon como lugar de impresión.
597 #1 - NOTA DE DESCRIPCIÓN FÍSICA
NOTA DE DESCRIPCIÓN FÍSICA Sign.: []2, A-R12.
597 #1 - NOTA DE DESCRIPCIÓN FÍSICA
NOTA DE DESCRIPCIÓN FÍSICA Antep.
650 #4 - PUNTO DE ACCESO ADICIONAL DE MATERIA--TÉRMINO DE MATERIA
Término de materia o nombre geográfico como elemento de entrada Religión-
Subdivisión general Filosofía
9 (RLIN) 16799
852 ## - LOCALIZACIÓN
Ubicación ES-MaACL
Número de control de estantería R-458-61
Nota libre -- Enc. pasta
-- -- Ex-libris ms. de Maria de Castellis
Encuadernación Olim: D-2950-3
Holdings
Estatus retirado Estado de pérdida Estado de daño No para préstamo Colección Biblioteca de origen Biblioteca actual Ubicación en estantería Fecha de adquisición Total de préstamos Signatura topográfica completa Código de barras Visto por última vez Precio de reemplazo Tipo de ítem Koha
        Libros del s. XVIII Biblioteca del Ateneo de Madrid Biblioteca del Ateneo de Madrid Depósito 17/01/2008   R-458-61 1168336 23/02/2023 23/02/2023 Libro impreso antiguo